Individualized staff development programs for competency development : a systematic approach /

Bibliographic Details
Main Author: Roth, Robert A.
Format: Book
Language:English
Published: Lanham, MD : University Press of America, [1980]
Subjects:

MARC

Tag First Indicator Second Indicator Subfields
LEADER 00000pam a2200000 a 4500
001 in00000073485
005 20151008053508.0
008 801022s1980 mdu b 00010 engm
010 |a  80008258  
020 |a 0819113263 (pbk.) :  |c $7.50 
035 |a (OCoLC)06914343 
035 |9 AAH7624AM 
040 |a DLC  |c DLC  |d m.c.  |d TXA  |d UtOrBLW 
049 |a TXAM  |c [1802204] 
050 0 0 |a LB1731  |b .R63 
082 0 |a 371.1/46  |2 19 
100 1 |a Roth, Robert A. 
245 1 0 |a Individualized staff development programs for competency development :  |b a systematic approach /  |c Robert A. Roth. 
264 1 |a Lanham, MD :  |b University Press of America,  |c [1980] 
264 4 |c ©1980 
300 |a vii, 115 pages ;  |c 21 cm. 
336 |a text  |b txt  |2 rdacontent 
337 |a unmediated  |b n  |2 rdamedia 
338 |a volume  |b nc  |2 rdacarrier 
504 |a Includes bibliographies. 
650 0 |a Teachers  |x In-service training. 
999 |a MARS 
999 f f |s 820d8bc9-70f2-3bfe-90ed-f9da9d5d28f4  |i 8bd51523-2a1e-3f49-adbd-7ae5880f17e8  |t 0 
952 f f |p normal  |a Texas A&M University  |b College Station  |c Sterling C. Evans Library  |d Evans: Library Stacks  |t 0  |e LB1731 .R63  |h Library of Congress classification  |i unmediated -- volume  |m A14806161128 
998 f f |a LB1731 .R63  |t 0  |l Evans: Library Stacks